| 000 | 00618cam a22002053a 4500 | ||
|---|---|---|---|
| 001 | 36420 | ||
| 003 | PGUSA | ||
| 005 | 20140828083804.0 | ||
| 008 | 110613s2011||||xxu|||||s|||||000 | eng d | ||
| 040 |
_aPGUSA _beng |
||
| 042 | _adc | ||
| 100 | 1 |
_aScully, W. C. _q(William Charles), _d1855-1943 |
|
| 245 | 1 | 0 |
_aBetween Sun and Sand : _bA Tale of an African Desert _h[electronic resource] / _cW. C. Scully |
| 260 |
_bProject Gutenberg, _c2011 |
||
| 506 | _aPublic domain in the USA. | ||
| 516 | _aElectronic text | ||
| 830 | 0 |
_aProject Gutenberg _v36420 |
|
| 856 | 4 | 0 | _uhttp://www.gutenberg.org/ebooks/36420 |
| 942 | _cEB | ||
| 999 |
_c265675 _d265675 |
||